A Face from the Book Quiz Stats

 Plays Quiz Updated Apr 15, 2015

Challenge
Share
Tweet
Score 0/20 Timer 04:00
1 Play Today
% Correct
The Godfather (Mario Puzo)
92.1%
The Shining (Stephen King)
89.9%
The Hunger Games (Suzanne Collins)
88%
Charlie and the Chocolate Factory (Roald Dahl)
86.8%
Alice's Adventures in Wonderland (Lewis Carroll)
85.8%
A Clockwork Orange (Anthony Burgess)
71.5%
Oliver Twist (Charles Dickens)
68%
The Last of the Mohicans (James Fenimore Cooper)
66.4%
Jaws (Peter Benchley)
64.4%
The Color Purple (Alice Walker)
63.7%
% Correct
A Christmas Carol (Charles Dickens)
62.7%
Interview with the Vampire (Anne Rice)
60.7%
Moby-Dick (Herman Melville)
55.8%
Rosemary's Baby (Ira Levin)
51.1%
Lolita (Vladimir Nabokov)
45.9%
Dune (Frank Herbert)
36.4%
Doctor Zhivago (Boris Pasternak)
36.1%
The Name of the Rose (Umberto Eco)
26.8%
The Unbearable Lightness of Being (Milan Kundera)
4.6%
Naked Lunch (William S. Burroughs)
4%

You're not logged in!

Compare scores with friends on all Sporcle quizzes.
Join for Free
OR
Log In

You Might Also Like...

Show Comments

Extras

Top Quizzes Today


Score Distribution

Your Account Isn't Verified!

In order to create a playlist on Sporcle, you need to verify the email address you used during registration. Go to your Sporcle Settings to finish the process.

Report this User

Report this user for behavior that violates our Community Guidelines.

Details: